Znaki rozpoznawcze Holandii - Statystyki

Ogólne statystyki
  • Ten quiz został rozwiązany 1 166 razy
  • Średni wynik to 8 z 18
Statystyki odpowiedzi
Obrazkowy Hint Odpowiedź % Poprawnych
kwiat Tulipan
99%
rodzaj budynku Wiatrak
94%
duża korporacja Shell
93%
malarz Vincent van Gogh
84%
dawna kolonia Surinam
73%
produkt spożywczy Stroopwafel
70%
morze Morze Północne
47%
uchodźca Anne Frank
44%
„odkryta” przez Holendrów w 1642 roku Tasmania
43%
dzielnica Dzielnica Czerwonych Latarni
35%
słynny obraz Vermeera Dziewczyna z perłą
30%
obuwie Drewniaki
26%
Po raz pierwszy widziany przez Leeuwenhoeka w 1676 roku Bakteria
25%
Rodzaj zrekultywowanych gruntów Polder
19%
miasto założone przez Holendrów w 1652 roku Kapsztad
13%
artysta Rembrandt van Rijn
10%
jezioro (w kolorze ciemnoniebieskim) IJsselmeer
6%
postać legendarna – pisownia holenderska Sinterklaas
6%
Nie znaleziono quizów pasujących do podanych kryteriów
Rozkład punktacji
Procent ludzi z każdym wynikiem
Percentyl według liczby udzielonych odpowiedzi
Twoja historia wyników
Nie rozwiązałeś tego quizu